| 000 | 01009nas a2200349 4500 | ||
|---|---|---|---|
| 001 | BR9801532 | ||
| 003 | BR-BrBNA | ||
| 005 | 20231205100937.0 | ||
| 007 | ta | ||
| 008 | 230509b bl.|||p| |||| 00| 00por d | ||
| 040 |
_aBR-BrBNA _bpor _cBiblioteca Nacional de Agricultura |
||
| 041 | _a(Pt) | ||
| 072 | _aL02 | ||
| 100 | 1 | _aAlleoni, G.F. | |
| 100 | 1 | _aL. Filho, A. | |
| 100 | 1 | _aBoin, C. | |
| 100 | 1 | _aLeme, P.R. | |
| 100 | 1 | _aCoutinho Filho, J.L.V. | |
| 100 | 1 | _aCandido, J.G. | |
| 100 | 1 | _aTrovo, J.B.F. | |
| 100 | 1 | _aFigueiredo, L.A. | |
| 245 | 1 | _aCaracteristicas de carcaca e desempenho em confinamento de novilhos Caracu comparados com novilhos Nelore | |
| 650 | _aNovilho | ||
| 650 | _aCarcaca | ||
| 650 | _aGado Caracu | ||
| 650 | _aGado Nelore | ||
| 650 | _aSelecao Genotipa | ||
| 650 | _aConfinamento | ||
| 773 | 0 |
_tARS Veterinaria (Brazil) _xISSN 0102-6380 _g(Aug 1997), v. 13(2) p. 141-149 _wBR9801532 |
|
| 909 |
_a202311 _bLúcia _c55 _dLúcia Elande |
||
| 942 |
_2AGRIS _n0 _cANA |
||
| 999 |
_c158929 _d158929 |
||